VIOLENCIA EN LAS ESCUELAS (Registro nro. 59437)
[ vista simple ]
| 000 -LEADER | |
|---|---|
| fixed length control field | 01079nam a2200241 a 4500 |
| 001 - CONTROL NUMBER | |
| control field | 59437 |
| 003 - CONTROL NUMBER IDENTIFIER | |
| control field | Mx-PuUPA |
| 005 - DATE AND TIME OF LATEST TRANSACTION | |
| control field | 20231122093326.0 |
| 008 - FIXED-LENGTH DATA ELEMENTS--GENERAL INFORMATION | |
| fixed length control field | 140415s2008 ag 000 0 spa d |
| 020 ## - INTERNATIONAL STANDARD BOOK NUMBER | |
| International Standard Book Number | 9789875381551 |
| 040 ## - CATALOGING SOURCE | |
| Transcribing agency | Mx |
| 041 ## - LANGUAGE CODE | |
| Language code of text/sound track or separate title | spa |
| 082 ## - DEWEY DECIMAL CLASSIFICATION NUMBER | |
| Classification number | 371.782 |
| Item number | OSO |
| 100 1# - MAIN ENTRY--PERSONAL NAME | |
| Personal name | OSORIO, FERNANDO |
| 245 10 - TITLE STATEMENT | |
| Title | VIOLENCIA EN LAS ESCUELAS |
| 250 ## - EDITION STATEMENT | |
| Edition statement | 1a ed. |
| 260 ## - PUBLICATION, DISTRIBUTION, ETC. | |
| Place of publication, distribution, etc. | ARGENTINA : |
| Name of publisher, distributor, etc. | NOVEDADES EDUCATIVAS, |
| Date of publication, distribution, etc. | 2008 |
| 300 ## - PHYSICAL DESCRIPTION | |
| Dimensions | 15.5 x 1.2 x 22.8 |
| 520 ## - SUMMARY, ETC. | |
| Summary, etc. | EN ESTE LIBRO, FERNANDO OSORIO BRINDA LOS FRUTOS DE UNA INDAGACIÓN PACIENTE Y NECESARIA. CON ELLA APUNTA A LAS RAÍCES DE LA VIOLENCIA QUE CUNDE EN LAS ESCUELAS. NO SE TRATA DE UN MERO REVELAMIENTO DE SÍNTOMAS. LEJOS DE TODA INTENCIÓN PURAMENTE DESCRIPTIVA, EL AUTOR TOMA PARTIDO. HUNDE LAS MANOS EN EL CONFLICTO QUE LO CONVOCA. SIN VACILACIONES, DESENMASCARA LAS FUENTES DEL MAL QUE A ÉL, COMO A TANTOS DE NOSOTROS, TAMBIÉN LO DESVELA. Y CON SAGACIDAD Y FIRMEZA RECORRE EL REPERTORIO DE CRE |
| 650 14 - SUBJECT ADDED ENTRY--TOPICAL TERM | |
| Topical term or geographic name entry element | VIOLENCIA |
| General subdivision | ESCUELAS |
| 740 ## - ADDED ENTRY--UNCONTROLLED RELATED/ANALYTICAL TITLE | |
| Uncontrolled related/analytical title | VIOLENCIA EN LAS ESCUELAS: |
| 942 ## - ADDED ENTRY ELEMENTS (KOHA) | |
| Source of classification or shelving scheme | Dewey Decimal Classification |
| Koha item type | Libro |
| Withdrawn status | Lost status | Source of classification or shelving scheme | Damaged status | Not for loan | Collection code | Home library | Current library | Shelving location | Date acquired | Source of acquisition | Inventory number | Total Checkouts | Total Renewals | Full call number | Barcode | Date last seen | Date last checked out | Price effective from | Koha item type |
|---|---|---|---|---|---|---|---|---|---|---|---|---|---|---|---|---|---|---|---|
| Dewey Decimal Classification | General | Biblioteca Karol Wojtyla | Biblioteca Karol Wojtyla | Sala general | 03/12/2013 | Compra | 151000000000000000041453 | 5 | 1 | 371.782 OSO | 89794 | 05/01/2026 | 12/04/2025 | 03/12/2013 | Libro |